Bleak house
Guardado en:
| Autor principal: | |
|---|---|
| Formato: | Libro |
| Lenguaje: | English |
| Publicado: |
London
David Campbell publishers
1991
|
| Colección: | Everymen's library
|
| Materias: | |
| Etiquetas: |
Agregar Etiqueta
Sin Etiquetas, Sea el primero en etiquetar este registro!
|
| Thư viện lưu trữ: | Trung tâm Học liệu Lê Vũ Hùng, Trường Đại học Đồng Tháp |
|---|
| LEADER | 00740pam a22002418a 4500 | ||
|---|---|---|---|
| 001 | 00025370 | ||
| 005 | 20171026081023.0 | ||
| 008 | 110804s1991 ||||||engsd | ||
| 041 | 0 | # | |a eng |
| 082 | 1 | 4 | |a 823 |b BL200A |
| 100 | 1 | # | |a Dicken, Charles |
| 245 | 1 | 0 | |c Charles Dicken |a Bleak house |
| 260 | # | # | |a London |b David Campbell publishers |c 1991 |
| 300 | # | # | |a xlix,891 p. |c 21 cm. |
| 490 | # | # | |a Everymen's library |
| 504 | # | # | |a Includes bibliographical references (p. XXXIII) |
| 650 | # | 4 | |a Anh |
| 650 | # | 4 | |a Tiểu thuyết |
| 650 | # | 4 | |a Văn học cận đại |
| 852 | # | # | |b Kho đọc |j KD.0008492 |
| 852 | # | # | |j KD.0008492 |
| 910 | |d 04/08/2011 | ||
| 980 | # | # | |a Trung tâm Học liệu Lê Vũ Hùng, Trường Đại học Đồng Tháp |